header

Afghan frontier (Record no. 182572)

MARC details
000 -LEADER
fixed length control field 01582nam a2200373 a 4500
082 04 - DEWEY DECIMAL CLASSIFICATION NUMBER
Classification number 954.91/2
100 1# - MAIN ENTRY--AUTHOR NAME
Personal name Schofield, Victoria.
245 10 - TITLE STATEMENT
Title Afghan frontier
260 ## - PUBLICATION, DISTRIBUTION, ETC. (IMPRINT)
Place of publication London ;
-- New York :
Name of publisher Tauris Parke Paperbacks :
-- Distributed by Palgrave Macmillan,
Year of publication 2003.
300 ## - PHYSICAL DESCRIPTION
Number of Pages 384 p., [8] p. of plates :
Other physical details ill., maps.
500 ## - GENERAL NOTE
General note Rev. ed. of: Every rock, every hill. 1984.
700 1# - ADDED ENTRY--PERSONAL NAME
Personal name Schofield, Victoria.
856 40 - ELECTRONIC LOCATION AND ACCESS
Uniform Resource Identifier http://site.ebrary.com/lib/rucke/Doc?id=10132963

No items available.

© 2026 Rongo University
Contact us: librarian | system librarian | Rongo university